00441nam a2200181Ia 4500003000400000005001700004008004100021020001800062040000700080041000800087082001500095100002400110245005500134250000600189260003900195300001700234365000800251OSt20230323102217.0210423s2010 xx 000 0 und d a9788173716775 cAL aeng a547.7 KRIN aKRISHNASWAMY (N R). aChemistry of natural products: a unified approach. a2 aNew YorkbUniversities Pressc2010 axiii,417bPB cINR